000 00383nam a22001577a 4500
003 OSt
005 20250429111448.0
007 754 pages
008 250429b |||||||| |||| 00| 0 eng d
020 _a9788121927819
040 _c
082 _a621.57
_bKHU
245 _aTextbook of Refrigeration and air conditioning
_cKhurmi,R.S
260 _bS.Chand
_c1987
942 _2ddc
_cBK
_n0
999 _c36219
_d36219